NFL Green Bay Packers 2022-2023 Active Roster - Statistics

General Stats
  • This quiz has been taken 1,053 times
  • The average score is 26 of 56
Answer Stats
Hint Answer % Correct
RB Aaron Jones
98%
QB Aaron Rodgers
98%
QB Jordan Love
97%
WR Amari Rodgers
93%
T Caleb Jones
92%
RB AJ Dillon
89%
WR Christian Watson
87%
CB Jaire Alexander
82%
WR Allen Lazard
81%
WR Romeo Doubs
78%
WR Randall Cobb
76%
TE Robert Tonyan
73%
K Mason Crosby
70%
LB Preston Smith
67%
T David Bakhtiari
61%
NT Kenny Clark
61%
SS Adrian Amos
59%
FS Darnell Savage
59%
TE Marcedes Lewis
59%
LB Quay Walker
57%
T Rasheed Walker
55%
LB De'Vondre Campbell
54%
LB Rashan Gary
54%
T Elgton Jenkins
53%
CB Eric Stokes
53%
CB Rasul Douglas
52%
WR Sammy Watkins
46%
DE Devonte Wyatt
40%
TE Josiah Deguara
40%
C Josh Myers
39%
WR Samori Toure
38%
CB Kelsean Nixon
36%
G Zach Tom
36%
G Josh Runyan
33%
FS Rudy Ford
33%
NT Jonathan Ford
32%
DE Jarran Reed
31%
DE Dean Lowry
29%
P Pat O'Donnell
29%
TE Tyler Davis
28%
T Yosh Nijman
28%
LB Isaiah McDuffie
24%
RB Kylin Hill
24%
G Royce Newman
22%
LB Kingsley Enagbare
21%
NT T.J. Slaton
20%
G Sean Rhyan
19%
LB Kyrs Barnes
17%
CB Shemar Jean-Charles
14%
G Jake Hanson
12%
LB Jonathan Garvin
12%
SS Dallin Leavitt
11%
LS Jack Coco
11%
SS Tariq Carpenter
11%
FS Vernon Scott
10%
LB Tipa Galeai
6%
No matching quizzes found
Score Distribution
Percent of People with Each Score
Percentile by Number Answered
Your Score History
You have not taken this quiz